[Event "Oberliga Nord N 1920"]
[Site "Germany"]
[Date "2019.12.08"]
[Round "4.2"]
[White "Zimmermann, Julian"]
[Black "Groetzbach, Julian"]
[Result "1/2-1/2"]
[WhiteElo "2293"]
[BlackElo "2237"]
[PlyCount "99"]
[EventDate "2019.09.29"]
[EventType "team-tourn"]
[EventRounds "9"]
[EventCountry "GER"]
[SourceTitle "CBM 195 Extra"]
[Source "ChessBase"]
[SourceDate "2020.05.31"]
[SourceVersion "1"]
[SourceVersionDate "2020.05.31"]
[SourceQuality "1"]

1. e4 e5 2. Nf3 Nc6 3. Bc4 Bc5 4. d3 Nf6 5. Be3 Bxe3 6. fxe3 0-0 7. Nc3 d6 8. 0-0 Be6 9. Bxe6 fxe6 10. d4 Qe8 11. Qd3 Nb4 12. Qe2 Qg6 13. a3 Nc6 14. Qd3 Rad8 15. d5 exd5 16. Nxd5 Nxd5 17. Qxd5+ Kh8 18. b4 Rb8 19. Nd2 Rf6 20. Rxf6 gxf6 21. Rf1 Rg8 22. Rf2 Nd8 23. Nf3 Qh6 24. Qb3 Rg4 25. Qd3 Qg6 26. Nd2 Ne6 27. h3 Rg3 28. Kh2 Nf4 29. Qf1 Rxe3 30. Rf3 Re1 31. Qf2 Re2 32. Rxf4 Rxf2 33. Rxf2 Qg5 34. Nf1 Qc1 35. Ng3 Kg7 36. Nh5+ Kf7 37. Nxf6 Kg6 38. Ne8 h5 39. Nxc7 Qe1 40. Rf3 Qxe4 41. Ne8 h4 42. Rf6+ Kg5 43. Nxd6 Qxc2 44. Rf5+ Kg6 45. Rxe5 Qc3 46. Re4 Kg7 47. Re7+ Kf8 48. Re8+ Kg7 49. Re3 Qd2 50. Re7+ 1/2-1/2

[Event "Oberliga Nord N 1920"]
[Site "Germany"]
[Date "2019.11.24"]
[Round "3.2"]
[White "Zimmermann, Julian"]
[Black "Ritscher, Jan Paul"]
[Result "0-1"]
[WhiteElo "2305"]
[BlackElo "2234"]
[PlyCount "150"]
[EventDate "2019.09.29"]
[EventType "team-tourn"]
[EventRounds "9"]
[EventCountry "GER"]
[SourceTitle "CBM 195 Extra"]
[Source "ChessBase"]
[SourceDate "2020.05.31"]
[SourceVersion "1"]
[SourceVersionDate "2020.05.31"]
[SourceQuality "1"]

1. e4 Nf6 2. e5 Nd5 3. d4 d6 4. c4 Nb6 5. exd6 exd6 6. Be3 Be7 7. h3 Nc6 8. Nf3 Bf5 9. Nc3 0-0 10. b3 d5 11. c5 Nc8 12. Be2 Bf6 13. Qd2 b6 14. 0-0-0 a5 15. g4 Be4 16. Rhe1 bxc5 17. dxc5 N8e7 18. Nd4 Nxd4 19. Bxd4 Nc6 20. Bxf6 Qxf6 21. f3 Bg6 22. g5 Qf5 23. Kb2 d4 24. Nb5 Rad8 25. f4 Qxc5 26. Bc4 Rd7 27. Rc1 Qb6 28. h4 d3 29. Rcd1 Nd4 30. Qf2 Nxb5 31. Qxb6 cxb6 32. Bxb5 Rd4 33. Rf1 Rfd8 34. Kc3 R4d5 35. Bc4 Rc5 36. a4 Bf5 37. Rfe1 Kf8 38. Re5 Rxe5 39. fxe5 Rc8 40. Kd4 Ke7 41. Rd2 h6 42. gxh6 gxh6 43. Bxd3 Be6 44. Rb2 Rg8 45. Kc3 Rg3 46. Rf2 Re3 47. Kd4 Rh3 48. Rf4 Bxb3 49. Bc4 Bxc4 50. Kxc4 Rg3 51. h5 Rg5 52. Kd5 Rxh5 53. Rf6 Rh4 54. Rxb6 h5 55. Rh6 Kf8 56. Ra6 Rxa4 57. e6 fxe6+ 58. Kxe6 h4 59. Kf6 Ke8 60. Ke6 Kd8 61. Kd6 Rd4+ 62. Kc5 Rg4 63. Ra7 a4 64. Kd6 Kc8 65. Kc6 Kb8 66. Rb7+ Ka8 67. Rb5 Ka7 68. Ra5+ Kb8 69. Rb5+ Kc8 70. Rh5 Kd8 71. Kd6 Ke8 72. Ke6 Re4+ 73. Kd5 Rb4 74. Rh7 a3 75. Ra7 Rb3 0-1

[Event "Oberliga Nord N 1819"]
[Site "Germany"]
[Date "2019.01.20"]
[Round "5.2"]
[White "Berg, Klaus"]
[Black "Zimmermann, Julian"]
[Result "1-0"]
[WhiteElo "2301"]
[BlackElo "2339"]
[PlyCount "121"]
[EventDate "2018.10.21"]
[EventType "team-tourn"]
[EventRounds "9"]
[EventCountry "GER"]
[SourceTitle "EXT 2020"]
[Source "ChessBase"]
[SourceDate "2019.10.17"]
[SourceVersion "1"]
[SourceVersionDate "2019.10.17"]
[SourceQuality "1"]
[WhiteTeam "Kiel Turm II"]
[BlackTeam "Hamburg Koenigsspringer"]
[WhiteTeamCountry "GER"]
[BlackTeamCountry "GER"]

1. g3 e5 2. c4 Nf6 3. Bg2 c6 4. d4 exd4 5. Qxd4 d5 6. Nc3 dxc4 7. Qxc4 Be6 8. Qa4 Nbd7 9. Nf3 Nc5 10. Qc2 Qd7 11. 0-0 a5 12. Rd1 Qc8 13. Nd4 Bh3 14. Bg5 Be7 15. Bxf6 Bxf6 16. Ne4 Nxe4 17. Qxe4+ Kf8 18. Bxh3 Qxh3 19. Qf4 h5 20. Nf5 Kg8 21. Rd7 Re8 22. Rxb7 Rxe2 23. Rd1 Qg4 24. Qxg4 hxg4 25. Rdd7 Rh5 26. Ne3 Rxb2 27. Nxg4 Bd4 28. Rd8+ Kh7 29. Rxf7 Rd5 30. Rxd5 cxd5 31. a4 Bc3 32. Rc7 d4 33. Nf6+ Kh6 34. Ne4 Be1 35. Kf1 Bb4 36. Rd7 Ra2 37. Rxd4 Rxa4 38. h4 Ra2 39. Kg2 Rb2 40. g4 a4 41. Rc4 Kg6 42. Rc7 Bd2 43. Nxd2 Rxd2 44. Ra7 Ra2 45. Ra6+ Kf7 46. Kg3 a3 47. f3 Ra1 48. h5 a2 49. Kf4 Kg8 50. Ra8+ Kf7 51. Ra7+ Kg8 52. g5 Rh1 53. Rxa2 Rxh5 54. Kf5 Rh3 55. Ra8+ Kf7 56. Ra7+ Kg8 57. Ra8+ Kf7 58. g6+ Ke7 59. Ra7+ Kf8 60. Ke6 Rxf3 61. Ra8# 1-0

[Event "Oberliga Nord N 1617"]
[Site "Germany"]
[Date "2017.05.07"]
[Round "9.2"]
[White "Zimmermann, Julian"]
[Black "Bokelbrink, Uwe"]
[Result "1-0"]
[WhiteElo "2302"]
[BlackElo "2312"]
[PlyCount "85"]
[EventDate "2016.10.16"]
[EventType "team-tourn"]
[EventRounds "9"]
[EventCountry "GER"]
[SourceTitle "EXT 2018"]
[Source "ChessBase"]
[SourceDate "2017.10.13"]
[SourceVersion "1"]
[SourceVersionDate "2017.10.13"]
[SourceQuality "1"]
[WhiteTeam "Hamburg Koenigsspringer"]
[BlackTeam "Hamburg Schachfreunde"]
[WhiteTeamCountry "GER"]
[BlackTeamCountry "GER"]

1. e4 c5 2. Nf3 Nc6 3. c3 e5 4. Bc4 Nf6 5. d3 Be7 6. 0-0 0-0 7. Re1 d6 8. Bg5 Ne8 9. Bxe7 Qxe7 10. Nbd2 Na5 11. Bd5 Rb8 12. b4 cxb4 13. cxb4 Nc6 14. b5 Nd8 15. Qa4 b6 16. d4 Nf6 17. Qa3 Nxd5 18. exd5 Qd7 19. Nc4 Qxb5 20. Qxd6 Rb7 21. Ncxe5 f6 22. Nc6 Nxc6 23. dxc6 Rbf7 24. d5 Qc4 25. Nd2 Qd4 26. Nb3 Qb2 27. Qg3 a5 28. Qd3 Rd8 29. d6 Qa3 30. d7 Bxd7 31. cxd7 Rfxd7 32. Qc4+ Kf8 33. Qc1 Qb4 34. Rb1 Rd3 35. h3 Qh4 36. Qc7 R3d6 37. Rb2 Qb4 38. Rbe2 a4 39. Qe7+ Kg8 40. Nd2 Qf4 41. Nf3 b5 42. Qb7 f5 43. Re8+ 1-0

[Event "Oberliga Nord N 1617"]
[Site "Germany"]
[Date "2017.02.19"]
[Round "6.2"]
[White "Zimmermann, Julian"]
[Black "Kololli, Martin"]
[Result "1-0"]
[WhiteElo "2278"]
[BlackElo "2237"]
[PlyCount "51"]
[EventDate "2016.10.16"]
[EventType "team-tourn"]
[EventRounds "9"]
[EventCountry "GER"]
[SourceTitle "EXT 2018"]
[Source "ChessBase"]
[SourceDate "2017.10.13"]
[SourceVersion "1"]
[SourceVersionDate "2017.10.13"]
[SourceQuality "1"]
[WhiteTeam "Hamburg Koenigsspringer"]
[BlackTeam "Luebeck"]
[WhiteTeamCountry "GER"]
[BlackTeamCountry "GER"]

1. e4 e5 2. Nf3 Nf6 3. Nxe5 d6 4. Nf3 Nxe4 5. d4 d5 6. Bd3 Nf6 7. 0-0 Be7 8. Ne5 0-0 9. Nd2 Nbd7 10. Ndf3 Ne4 11. c4 Ndf6 12. c5 c6 13. b4 a6 14. Qc2 h6 15. a4 Bf5 16. Rb1 Ne8 17. b5 axb5 18. axb5 cxb5 19. Rxb5 f6 20. Nc4 Bd7 21. Rxb7 Ba4 22. Qe2 Bxc5 23. Bxe4 Bc6 24. Rb2 Ba7 25. Bb1 dxc4 26. Qe6+ 1-0

[Event "Hamburg HSK op"]
[Site "Hamburg"]
[Date "2016.12.28"]
[Round "3"]
[White "Kollars, Dmitrij"]
[Black "Zimmermann, Julian"]
[Result "1-0"]
[WhiteElo "2505"]
[BlackElo "2294"]
[PlyCount "79"]
[EventDate "2016.12.27"]
[EventType "swiss"]
[EventRounds "7"]
[EventCountry "GER"]
[SourceTitle "CBM 176 Extra"]
[Source "ChessBase"]
[SourceDate "2017.03.02"]
[SourceVersion "1"]
[SourceVersionDate "2017.03.02"]
[SourceQuality "1"]

1. e4 c5 2. Nf3 d6 3. d4 cxd4 4. Nxd4 Nf6 5. Nc3 a6 6. g3 e5 7. Nb3 Nbd7 8. a4 b6 9. Bg2 Bb7 10. 0-0 Be7 11. Re1 0-0 12. Nd2 Rc8 13. Nf1 Qc7 14. Ne3 g6 15. Re2 Qc5 16. Qd3 Rfe8 17. Ncd5 Nxd5 18. Nxd5 Bxd5 19. exd5 Qc4 20. Qxc4 Rxc4 21. Bf1 Rec8 22. c3 R4c7 23. Re1 Ra8 24. Be3 f5 25. Ra3 Nc5 26. b4 Nd7 27. a5 bxa5 28. Rxa5 Rxc3 29. b5 Nc5 30. bxa6 Bd8 31. Ra2 Bb6 32. Rb1 Ba7 33. Rb7 Bb8 34. Rxb8+ Rxb8 35. a7 Ra8 36. Bb5 Rb3 37. Bc6 Nb7 38. Ra6 f4 39. gxf4 exf4 40. Bxf4 1-0

[Event "Oberliga Nord N 1516"]
[Site "Germany"]
[Date "2016.04.10"]
[Round "9.2"]
[White "Zimmermann, Julian"]
[Black "Schroeder, Christoph"]
[Result "0-1"]
[WhiteElo "2304"]
[BlackElo "2204"]
[PlyCount "97"]
[EventDate "2015.09.20"]
[EventType "team-tourn"]
[EventRounds "9"]
[EventCountry "GER"]
[SourceTitle "EXT 2017"]
[Source "ChessBase"]
[SourceDate "2016.10.25"]
[SourceVersion "1"]
[SourceVersionDate "2016.10.25"]
[SourceQuality "1"]
[WhiteTeam "Hamburg Koenigsspringer"]
[BlackTeam "Eppendorf Johanneum"]
[WhiteTeamCountry "GER"]
[BlackTeamCountry "GER"]

1. e4 c5 2. Nf3 g6 3. h4 h6 4. h5 g5 5. d4 cxd4 6. Nxd4 Nc6 7. Bc4 Qa5+ 8. c3 Nf6 9. f3 Qe5 10. Be3 d5 11. Bb5 Bd7 12. Qa4 dxe4 13. Nd2 exf3 14. Nc4 fxg2 15. Rg1 Qc7 16. 0-0-0 Ng4 17. Nxc6 bxc6 18. Rxd7 cxb5 19. Rxc7 bxa4 20. Bxa7 Bg7 21. Rxg2 Be5 22. Nxe5 Nxe5 23. Bd4 Nd3+ 24. Kb1 Nf4 25. Rd2 0-0 26. Rxe7 Rfe8 27. Rxe8+ Rxe8 28. b4 axb3 29. axb3 g4 30. Rf2 Re4 31. Rf1 g3 32. b4 g2 33. Rg1 Re2 34. b5 Ne6 35. b6 Nd8 36. Rd1 Nc6 37. Bg1 Kf8 38. Bh2 Rf2 39. Rd6 Na5 40. Rd5 Nc4 41. Rb5 Rf1+ 42. Ka2 Nxb6 43. Rb2 Na4 44. Bd6+ Ke8 45. Rxg2 Nxc3+ 46. Kb3 Ne4 47. Rg8+ Kd7 48. Bf8 Rf5 49. Bxh6 0-1

[Event "Oberliga Nord N 1516"]
[Site "Germany"]
[Date "2016.01.31"]
[Round "6.1"]
[White "Zimmermann, Julian"]
[Black "Stopa, Jacek"]
[Result "0-1"]
[WhiteElo "2304"]
[BlackElo "2460"]
[PlyCount "64"]
[EventDate "2015.09.20"]
[EventType "team-tourn"]
[EventRounds "9"]
[EventCountry "GER"]
[SourceTitle "EXT 2017"]
[Source "ChessBase"]
[SourceDate "2016.10.25"]
[SourceVersion "1"]
[SourceVersionDate "2016.10.25"]
[SourceQuality "1"]
[WhiteTeam "Hamburg Koenigsspringer"]
[BlackTeam "Kiel Turm"]
[WhiteTeamCountry "GER"]
[BlackTeamCountry "GER"]

1. e4 d6 2. d4 Nf6 3. Nc3 e5 4. Nf3 Nbd7 5. Bc4 Be7 6. 0-0 0-0 7. h3 c6 8. a4 a5 9. Re1 Nb6 10. Bf1 exd4 11. Nxd4 d5 12. e5 Ne8 13. g4 Bb4 14. Re2 Nc7 15. f4 Re8 16. f5 Nc4 17. Nf3 b5 18. axb5 cxb5 19. Na2 Bc5+ 20. Kg2 d4 21. b3 Ne3+ 22. Bxe3 dxe3 23. Qxd8 Rxd8 24. Ree1 Bb7 25. Red1 Bd4 26. Rab1 Bxe5 27. c4 b4 28. Be2 Be4 29. Rbc1 Bb2 30. Rxd8+ Rxd8 31. Re1 Bc3 32. Nxc3 bxc3 0-1

[Event "Oberliga Nord N 1516"]
[Site "Germany"]
[Date "2016.01.17"]
[Round "5.2"]
[White "Zimmermann, Julian"]
[Black "Feuerstack, Aljoscha"]
[Result "1/2-1/2"]
[WhiteElo "2304"]
[BlackElo "2454"]
[PlyCount "166"]
[EventDate "2015.09.20"]
[EventType "team-tourn"]
[EventRounds "9"]
[EventCountry "GER"]
[SourceTitle "CBM 170 Extra"]
[Source "ChessBase"]
[SourceDate "2016.02.25"]
[SourceVersion "1"]
[SourceVersionDate "2016.02.25"]
[SourceQuality "1"]
[WhiteTeam "Hamburg Koenigsspringer"]
[BlackTeam "St Pauli"]
[WhiteTeamCountry "GER"]
[BlackTeamCountry "GER"]

1. e4 c5 2. Nf3 e6 3. d4 cxd4 4. Nxd4 a6 5. Nc3 Qc7 6. Bd3 Nf6 7. f4 d6 8. Qf3 b5 9. g4 b4 10. Nce2 d5 11. e5 Ne4 12. Ng3 Nc5 13. Be3 Nbd7 14. 0-0 Be7 15. Rae1 Bb7 16. Qe2 0-0 17. Bf2 Rfe8 18. Nf3 Rac8 19. Bd4 Nb8 20. f5 Bf8 21. Nh5 Nc6 22. Bf2 Ne4 23. fxe6 Rxe6 24. Nf4 Rxe5 25. Nxe5 Qxe5 26. Nxd5 Bd6 27. Bb6 Qxd5 28. Qxe4 Ne5 29. Bd4 Re8 30. Qxd5 Bxd5 31. Bxe5 Bxe5 32. Rf5 Bd4+ 33. Kf1 Bg2+ 34. Kxg2 Rxe1 35. b3 Rg1+ 36. Kf3 g6 37. Rd5 Bc3 38. Bxa6 Rh1 39. Kg2 Ra1 40. Ra5 Rd1 41. Bd3 Rd2+ 42. Kg3 Bf6 43. h4 Be7 44. Rd5 Rd1 45. h5 Kg7 46. Rd7 Bc5 47. Kf3 gxh5 48. gxh5 h6 49. Rc7 Bd6 50. Rd7 Bc5 51. Rc7 Bd6 52. Rc6 Be7 53. Ke4 Ra1 54. Ra6 Rh1 55. Ra5 Bg5 56. a3 bxa3 57. Rxa3 Rxh5 58. Ra7 Rh4+ 59. Kf3 Rf4+ 60. Kg2 h5 61. Ra5 Kf6 62. Ra6+ Kg7 63. Rc6 Rg4+ 64. Kh3 Rh4+ 65. Kg2 Rg4+ 66. Kf3 Rf4+ 67. Ke2 h4 68. Rc4 Kf6 69. Rxf4+ Bxf4 70. Be4 Ke5 71. Kd3 Bg3 72. Bg2 Be1 73. Ke2 Ba5 74. Kf3 Kd4 75. Kg4 Kc3 76. Kxh4 Kxc2 77. Bd5 f6 78. Kg4 Kc3 79. Kf5 Bd8 80. Be6 Be7 81. Bf7 Bd8 82. Be6 Be7 83. Bf7 Bd8 1/2-1/2

[Event "Oberliga Nord N 1415"]
[Site "Germany"]
[Date "2014.09.21"]
[Round "1.2"]
[White "Zimmermann, Julian"]
[Black "Wolf, Christoph"]
[Result "1/2-1/2"]
[WhiteElo "2313"]
[BlackElo "2149"]
[PlyCount "70"]
[EventDate "2014.09.21"]
[EventType "team-tourn"]
[EventRounds "9"]
[EventCountry "GER"]
[SourceTitle "EXT 2016"]
[Source "ChessBase"]
[SourceDate "2015.10.08"]
[SourceVersion "1"]
[SourceVersionDate "2015.10.08"]
[SourceQuality "1"]
[WhiteTeam "Hamburg Koenigsspringer"]
[BlackTeam "Schwerin II"]
[WhiteTeamCountry "GER"]
[BlackTeamCountry "GER"]

1. e4 e6 2. d4 d5 3. Nc3 Nf6 4. exd5 exd5 5. Bg5 Be7 6. Nf3 0-0 7. Be2 h6 8. Bh4 Bf5 9. Ne5 Nbd7 10. g4 Be4 11. f3 Nxe5 12. dxe5 Nxg4 13. Bxe7 Qxe7 14. Nxe4 dxe4 15. fxg4 Rad8 16. Qc1 Qh4+ 17. Kf1 f5 18. Qe1 Qh3+ 19. Kg1 f4 20. Qf1 Qh4 21. Qg2 f3 22. Bc4+ Kh8 23. Qg3 Qg5 24. h4 Qe3+ 25. Qf2 Qf4 26. Qh2 Qxg4+ 27. Kf1 e3 28. Bd3 e2+ 29. Kf2 Qd4+ 30. Ke1 Qxb2 31. Kd2 Qb4+ 32. Ke3 Qd4+ 33. Kd2 Qb4+ 34. Ke3 Qd4+ 35. Kd2 Qb4+ 1/2-1/2

[Event "Oberliga Nord N 1314"]
[Site "Germany"]
[Date "2014.01.12"]
[Round "8.2"]
[White "Ritscher, Jan Paul"]
[Black "Zimmermann, Julian"]
[Result "1-0"]
[WhiteElo "2322"]
[BlackElo "2306"]
[PlyCount "71"]
[EventDate "2013.10.13"]
[EventType "team-tourn"]
[EventRounds "9"]
[EventCountry "GER"]
[SourceTitle "EXT 2015"]
[Source "ChessBase"]
[SourceDate "2014.11.20"]
[SourceVersion "1"]
[SourceVersionDate "2014.11.20"]
[SourceQuality "1"]
[WhiteTeam "Hamburg SF"]
[BlackTeam "Hamburg Koenigsspringer"]
[WhiteTeamCountry "GER"]
[BlackTeamCountry "GER"]

1. c4 e5 2. Nc3 Nf6 3. Nf3 Nc6 4. d4 d6 5. d5 Ne7 6. h3 g6 7. e4 Bg7 8. Be3 0-0 9. Qd2 Ne8 10. Bd3 f5 11. Bg5 c5 12. dxc6 bxc6 13. c5 Be6 14. cxd6 Nxd6 15. 0-0 f4 16. Rfd1 Qe8 17. Bxe7 Qxe7 18. Na4 g5 19. Nh2 Rad8 20. Qb4 Qf7 21. Nc5 Bc8 22. Be2 h5 23. Rd3 Qg6 24. f3 Bf6 25. Qa4 Nb5 26. Qc4+ Kh7 27. Nb3 Rxd3 28. Qxd3 Bd8 29. Rc1 Bb6+ 30. Kh1 Be3 31. Rd1 Nd4 32. Nxd4 Bxd4 33. Qc4 Bxb2 34. Qb4 g4 35. fxg4 hxg4 36. Bxg4 1-0

[Event "Oberliga Nord N 1314"]
[Site "Germany"]
[Date "2013.11.10"]
[Round "2.2"]
[White "Zimmermann, Julian"]
[Black "Pedersen, Nicolai Vesterbaek"]
[Result "1-0"]
[WhiteElo "2306"]
[BlackElo "2397"]
[PlyCount "53"]
[EventDate "2013.10.13"]
[EventType "team-tourn"]
[EventRounds "9"]
[EventCountry "GER"]
[SourceTitle "EXT 2015"]
[Source "ChessBase"]
[SourceDate "2014.11.20"]
[SourceVersion "1"]
[SourceVersionDate "2014.11.20"]
[SourceQuality "1"]
[WhiteTeam "Hamburg Koenigsspringer"]
[BlackTeam "Preetz"]
[WhiteTeamCountry "GER"]
[BlackTeamCountry "GER"]

1. e4 c5 2. Nf3 d6 3. d4 cxd4 4. Nxd4 Nf6 5. Nc3 a6 6. Bg5 e6 7. f4 Nbd7 8. Qf3 Qc7 9. 0-0-0 Be7 10. g4 b5 11. Bxf6 Nxf6 12. g5 Nd7 13. f5 Nc5 14. f6 gxf6 15. gxf6 Bf8 16. Rg1 Bd7 17. a3 Qb6 18. b4 Na4 19. Nxa4 bxa4 20. Qh5 Qc7 21. Kb2 e5 22. Nf5 Rc8 23. c4 Qb6 24. Bh3 d5 25. Ng7+ Kd8 26. Qxf7 Rc7 27. Qxd5 1-0

[Event "Oberliga Nord N 1314"]
[Site "Germany"]
[Date "2013.10.13"]
[Round "1.3"]
[White "Zimmermann, Julian"]
[Black "Kesten, Sebastian"]
[Result "0-1"]
[WhiteElo "2306"]
[BlackElo "2203"]
[PlyCount "74"]
[EventDate "2013.10.13"]
[EventType "team-tourn"]
[EventRounds "9"]
[EventCountry "GER"]
[SourceTitle "EXT 2015"]
[Source "ChessBase"]
[SourceDate "2014.11.20"]
[SourceVersion "1"]
[SourceVersionDate "2014.11.20"]
[SourceQuality "1"]
[WhiteTeam "Hamburg Koenigsspringer"]
[BlackTeam "Schwerin"]
[WhiteTeamCountry "GER"]
[BlackTeamCountry "GER"]

1. e4 c5 2. Nf3 Nc6 3. Bb5 d6 4. d4 cxd4 5. Qxd4 Bd7 6. Bxc6 Bxc6 7. Nc3 Nf6 8. Bg5 e6 9. 0-0-0 Be7 10. Qd3 0-0 11. Nd4 Qa5 12. f4 Rfd8 13. f5 Bd7 14. g4 Rac8 15. Bd2 Qe5 16. g5 Rxc3 17. bxc3 Nxe4 18. f6 gxf6 19. gxf6 Bxf6 20. Rde1 d5 21. Rhg1+ Kh8 22. Nf3 Qh5 23. Bf4 Bb5 24. Qe3 Rc8 25. Ng5 Rxc3 26. Qxa7 Nxg5 27. Qb8+ Kg7 28. Rxg5+ Bxg5 29. Rg1 Rxc2+ 30. Kxc2 Qg6+ 31. Kb3 Qd3+ 32. Kb4 Qc4+ 33. Ka5 Qxa2+ 34. Kxb5 Qb3+ 35. Kc5 Qc4+ 36. Kb6 Qd4+ 37. Kxb7 Qxg1 0-1

[Event "GER-ch rapid"]
[Site "Gladenbach"]
[Date "2013.09.28"]
[Round "1"]
[White "Zimmermann, Julian"]
[Black "Poetsch, Hagen"]
[Result "1/2-1/2"]
[WhiteElo "2306"]
[BlackElo "2468"]
[PlyCount "131"]
[EventDate "2013.09.28"]
[EventType "swiss (rapid)"]
[EventRounds "9"]
[EventCountry "GER"]
[SourceTitle "CBM 156 Extra"]
[Source "ChessBase"]
[SourceDate "2013.10.22"]
[SourceVersion "1"]
[SourceVersionDate "2013.10.22"]
[SourceQuality "1"]

1. e4 e6 2. d4 d5 3. Nc3 Nf6 4. e5 Nfd7 5. f4 c5 6. Nf3 Nc6 7. Be3 a6 8. Qd2 Qb6 9. 0-0-0 Qa5 10. dxc5 Nxc5 11. Kb1 b5 12. Bd3 Bd7 13. Nd4 Nxd4 14. Bxd4 b4 15. Ne2 Nxd3 16. cxd3 Be7 17. f5 exf5 18. e6 fxe6 19. Bxg7 Rg8 20. Qh6 0-0-0 21. Nd4 Kb7 22. Rhe1 Rc8 23. Qxh7 b3 24. Nxb3 Qa4 25. Rc1 Qb5 26. Bd4 Rge8 27. Rxc8 Kxc8 28. Qh3 Bd6 29. Be5 Bxe5 30. Rxe5 Qb4 31. Qe3 Kb8 32. Nc5 Bc8 33. a3 Qb5 34. Qd4 Rg8 35. Nxe6 Rxg2 36. Rxd5 Qb3 37. Qf4+ Ka8 38. Nc7+ Kb7 39. Rb5+ axb5 40. Qf3+ Kxc7 41. Qxg2 Qxd3+ 42. Kc1 Qe3+ 43. Kb1 Qe1+ 44. Kc2 Bb7 45. Qg7+ Kb6 46. Qd4+ Kc6 47. Qf6+ Kc7 48. Qf7+ Kb8 49. Qf8+ Bc8 50. Qd6+ Kb7 51. Qd5+ Kc7 52. Qc5+ Kd8 53. Qxb5 Qe4+ 54. Qd3+ Ke7 55. Qxe4+ fxe4 56. b4 Bd7 57. Kc3 Kf6 58. Kd4 Kf5 59. Ke3 Ke5 60. h4 Be8 61. Kd2 Kd4 62. a4 Bxa4 63. h5 Be8 64. b5 Kc5 65. Ke3 Bxh5 66. Kxe4 1/2-1/2

[Event "Oberliga Nord N 1213"]
[Site "Germany"]
[Date "2013.03.17"]
[Round "8.3"]
[White "Zimmermann, Julian"]
[Black "Kosak, Michael"]
[Result "1-0"]
[WhiteElo "2299"]
[BlackElo "2185"]
[PlyCount "61"]
[EventDate "2012.10.14"]
[EventType "team-tourn"]
[EventRounds "9"]
[EventCountry "GER"]
[SourceTitle "EXT 2015"]
[Source "ChessBase"]
[SourceDate "2014.11.20"]
[SourceVersion "1"]
[SourceVersionDate "2014.11.20"]
[SourceQuality "1"]
[WhiteTeam "Koenigsspringer"]
[BlackTeam "Neumuenster Agon"]
[WhiteTeamCountry "GER"]
[BlackTeamCountry "GER"]

1. e4 c5 2. Nf3 e6 3. d4 cxd4 4. Nxd4 Nc6 5. Nc3 Qc7 6. Be3 a6 7. Qd2 Nf6 8. 0-0-0 Bb4 9. f3 b5 10. g4 h6 11. Nxc6 Qxc6 12. Bd4 Bb7 13. a3 Be7 14. Kb1 Qc7 15. Qe3 Rb8 16. h4 Bc6 17. Na2 a5 18. b4 e5 19. Bb2 d5 20. exd5 Bxd5 21. Qxe5 Qb7 22. Nc3 Bxf3 23. Bxb5+ Kf8 24. Ba6 Nxg4 25. Qf4 Qa8 26. Rhf1 axb4 27. Rxf3 Nf6 28. Nb5 bxa3 29. Bxa3 Bxa3 30. Rxa3 Rxb5+ 31. Bxb5 1-0

[Event "London Classic op 4th"]
[Site "London"]
[Date "2012.12.09"]
[Round "9"]
[White "Zimmermann, Julian"]
[Black "Bartholomew, John"]
[Result "0-1"]
[WhiteElo "2299"]
[BlackElo "2427"]
[PlyCount "64"]
[EventDate "2012.12.01"]
[EventType "swiss"]
[EventRounds "9"]
[EventCountry "ENG"]
[SourceTitle "EXT 2014"]
[Source "ChessBase"]
[SourceDate "2013.11.20"]
[SourceVersion "1"]
[SourceVersionDate "2013.11.20"]
[SourceQuality "1"]

1. e4 c5 2. Nf3 e6 3. d4 cxd4 4. Nxd4 a6 5. Nc3 Qc7 6. Bd3 Nf6 7. f4 b5 8. e5 b4 9. Na4 Nd5 10. Bd2 Bb7 11. c4 Nb6 12. Nf3 Nxa4 13. Qxa4 Qb6 14. Qc2 h6 15. Be4 Bc5 16. 0-0-0 b3 17. axb3 Bxe4 18. Qxe4 Nc6 19. Qd3 0-0 20. f5 exf5 21. Qxd7 Qxb3 22. Qxf5 Rab8 23. Qc2 Qa2 24. b4 Qa1+ 25. Qb1 Qa4 26. Qc2 Qa5 27. bxa5 Ba3+ 28. Qb2 Rxb2 29. Rdg1 Rd8 30. Bc3 Re2+ 31. Kb1 Rb8+ 32. Ka1 Bb2+ 0-1

[Event "London Classic op 4th"]
[Site "London"]
[Date "2012.12.02"]
[Round "2"]
[White "Zimmermann, Julian"]
[Black "Ociepka, Adrian"]
[Result "1-0"]
[WhiteElo "2299"]
[BlackElo "2143"]
[PlyCount "73"]
[EventDate "2012.12.01"]
[EventType "swiss"]
[EventRounds "9"]
[EventCountry "ENG"]
[SourceTitle "CBM 151 Extra"]
[Source "ChessBase"]
[SourceDate "2012.12.18"]
[SourceVersion "1"]
[SourceVersionDate "2012.12.18"]
[SourceQuality "1"]

1. e4 e5 2. Nf3 Nc6 3. Bc4 Nf6 4. d3 Bc5 5. c3 d6 6. h3 a6 7. 0-0 Ba7 8. Bb3 0-0 9. Be3 Ne7 10. Nbd2 Ng6 11. Re1 Qe7 12. Nh2 Kh8 13. Ndf1 Be6 14. Ng3 c6 15. d4 Qc7 16. Nf3 Bxb3 17. Qxb3 Nd7 18. Rad1 b5 19. Nf5 Nb6 20. dxe5 dxe5 21. Bc5 Rfd8 22. Bd6 Qb7 23. Nxe5 Nxe5 24. Bxe5 f6 25. Nd6 Rxd6 26. Bxd6 Nc4 27. Bg3 Re8 28. Qc2 Qf7 29. b3 Ne5 30. Qe2 h6 31. Kh2 c5 32. f4 Ng6 33. Qg4 Re7 34. Rd8+ Kh7 35. Qf5 c4 36. h4 Bb6 37. Rc8 1-0

[Event "Oberliga Nord N 1213"]
[Site "Germany"]
[Date "2012.11.11"]
[Round "2.4"]
[White "Schwarz, Frank"]
[Black "Zimmermann, Julian"]
[Result "1/2-1/2"]
[WhiteElo "2244"]
[BlackElo "2299"]
[PlyCount "129"]
[EventDate "2012.10.14"]
[EventType "team-tourn"]
[EventRounds "9"]
[EventCountry "GER"]
[SourceTitle "EXT 2015"]
[Source "ChessBase"]
[SourceDate "2014.11.20"]
[SourceVersion "1"]
[SourceVersionDate "2014.11.20"]
[SourceQuality "1"]
[WhiteTeam "Preetz"]
[BlackTeam "Koenigsspringer"]
[WhiteTeamCountry "GER"]
[BlackTeamCountry "GER"]

1. d4 Nf6 2. Bf4 c5 3. e3 cxd4 4. exd4 Qb6 5. Nc3 a6 6. a3 d5 7. Bd3 Nc6 8. Nge2 Bg4 9. f3 Bd7 10. Na4 Qa5+ 11. b4 Qd8 12. Nc5 Bc8 13. c3 e6 14. 0-0 Bd6 15. Bc2 Bxf4 16. Nxf4 Qd6 17. Ncd3 0-0 18. Qe2 Bd7 19. Qe3 Ne7 20. g4 Rac8 21. Ne5 Bb5 22. Rf2 Rc7 23. a4 Be8 24. Qd3 Ng6 25. Nfxg6 fxg6 26. Re1 Nd7 27. Bb3 Nxe5 28. Rxe5 Qc6 29. Rc2 b5 30. axb5 axb5 31. Qe2 Bd7 32. Rc1 Ra7 33. h4 Ra3 34. Qb2 Ra7 35. Qe2 Ra3 36. Qb2 Ra7 37. Kg2 Bc8 38. Rce1 Raf7 39. R1e3 Qd6 40. Qf2 Bd7 41. Bc2 Ra8 42. Bd3 Qa6 43. h5 gxh5 44. Rxh5 g6 45. Rh1 Qd6 46. Re5 Qf8 47. Qe2 Ra3 48. Re3 Qc8 49. Rc1 Qa6 50. Rc2 Rf8 51. Qd2 Kg7 52. Re1 h6 53. Rh1 g5 54. Re1 Qd6 55. Re5 Qe7 56. Qc1 Qf6 57. Rf2 Ra6 58. Bb1 Be8 59. Qf1 Ra1 60. Re1 h5 61. Bd3 Rxe1 62. Qxe1 hxg4 63. fxg4 Qxf2+ 64. Qxf2 Rxf2+ 65. Kxf2 1/2-1/2